[Event "Birmingham 4NCL op-B 1st"]
[Site "Birmingham"]
[Date "2015.02.01"]
[Round "4"]
[White "Woolcock, Craig"]
[Black "Moreby, James"]
[Result "1/2-1/2"]
[WhiteElo "1904"]
[BlackElo "1737"]
[PlyCount "44"]
[EventDate "2015.01.30"]
[EventType "swiss"]
[EventRounds "5"]
[EventCountry "ENG"]
[SourceTitle "EXT 2023"]
[Source "ChessBase"]
[SourceDate "2022.10.05"]
[SourceVersion "1"]
[SourceVersionDate "2022.10.05"]
[SourceQuality "1"]

1. e4 c5 2. Nc3 Nc6 3. g3 e5 4. Bg2 d6 5. d3 Be7 6. Nh3 h5 7. f4 Bg4 8. Qd2 Nd4 9. Qf2 h4 10. Nd5 hxg3 11. hxg3 exf4 12. Bxf4 Qd7 13. Ng5 Rxh1+ 14. Bxh1 Bxg5 15. Bxg5 f6 16. Bf4 Ne7 17. Nxe7 Kxe7 18. c3 Rh8 19. Kd2 Ne6 20. Be3 Qb5 21. Kc2 Qa4+ 22. Kd2 Qb5 1/2-1/2

[Event "Birmingham 4NCL op-B 1st"]
[Site "Birmingham"]
[Date "2015.01.31"]
[Round "2"]
[White "Woolcock, Craig"]
[Black "Stephens, Ian Paul"]
[Result "0-1"]
[WhiteElo "1904"]
[BlackElo "1857"]
[PlyCount "72"]
[EventDate "2015.01.30"]
[EventType "swiss"]
[EventRounds "5"]
[EventCountry "ENG"]
[SourceTitle "EXT 2023"]
[Source "ChessBase"]
[SourceDate "2022.10.05"]
[SourceVersion "1"]
[SourceVersionDate "2022.10.05"]
[SourceQuality "1"]

1. e4 c5 2. Nc3 Nc6 3. g3 d6 4. Bg2 g6 5. d3 Bg7 6. f4 Nf6 7. Nf3 Bg4 8. h3 Bxf3 9. Bxf3 Nd4 10. 0-0 Nxf3+ 11. Qxf3 0-0 12. g4 a6 13. Ne2 Qc7 14. c3 b5 15. Be3 Nd7 16. Rac1 Qb7 17. Rc2 Rac8 18. Ng3 a5 19. h4 b4 20. c4 b3 21. axb3 Qxb3 22. Qe2 Rb8 23. Rf2 Nb6 24. g5 Na4 25. h5 Nxb2 26. Rd2 a4 27. hxg6 hxg6 28. Rh2 a3 29. Qg4 a2 30. Qh3 a1Q+ 31. Kg2 Rfd8 32. f5 Nxc4 33. dxc4 Qxe3 34. Rf2 Qxf2+ 35. Kxf2 Rb2+ 36. Ne2 Bd4+ 0-1

[Event "South Wales New Year op"]
[Site "Bridgend"]
[Date "2015.01.03"]
[Round "2"]
[White "Woolcock, Craig"]
[Black "Van Kemenade, Rudy"]
[Result "0-1"]
[WhiteElo "1904"]
[BlackElo "1965"]
[PlyCount "138"]
[EventDate "2015.01.02"]
[EventType "swiss"]
[EventRounds "5"]
[EventCountry "WLS"]
[SourceTitle "EXT 2018"]
[Source "ChessBase"]
[SourceDate "2017.10.13"]
[SourceVersion "1"]
[SourceVersionDate "2017.10.13"]
[SourceQuality "1"]

1. e4 e5 2. Nf3 Nf6 3. Nxe5 d6 4. Nf3 Nxe4 5. d3 Nf6 6. d4 Be7 7. Bd3 0-0 8. h3 c5 9. 0-0 Nc6 10. Be3 Qb6 11. b3 Nb4 12. c4 g6 13. Nc3 Nxd3 14. Qxd3 Bf5 15. Qd2 Ne4 16. Nxe4 Bxe4 17. Ng5 Bf5 18. d5 Bf6 19. Rac1 Rfe8 20. Rfe1 a5 21. g4 Bd7 22. Rb1 Qb4 23. a4 Bc3 24. Qe2 Bxe1 25. Qxe1 Qxe1+ 26. Rxe1 Ra6 27. Rd1 Rb6 28. Rd3 f5 29. gxf5 Bxf5 30. Rc3 h6 31. Nf3 g5 32. Kh2 Kh7 33. Kg3 Rf8 34. Nh2 Bb1 35. Nf3 Bf5 36. Nh2 Ra6 37. Nf3 Bxh3 38. Bxg5 hxg5 39. Nxg5+ Kg6 40. Nxh3 Raa8 41. Nf4+ Kf5 42. Ne6 Rg8+ 43. Kf3 Rh8 44. Ke2 Rh1 45. Rf3+ Kg6 46. Rg3+ Kf6 47. Rf3+ Ke7 48. Rg3 Rb8 49. Kd2 Rf1 50. Ke2 Rb1 51. f4 Rb2+ 52. Kd1 Rh8 53. Kc1 Ra2 54. Kb1 Rf2 55. Rg1 Rhh2 56. Ng5 Rxf4 57. Re1+ Kd7 58. Ne4 Rf3 59. Rg1 Rxb3+ 60. Kc1 Re3 61. Rg7+ Kd8 62. Nd2 Re1+ 63. Kc2 Ree2 64. Rxb7 Rxd2+ 65. Kc3 Rdg2 66. Kd3 Rg4 67. Rb5 Rh3+ 68. Ke2 Rg2+ 69. Kf1 Rc2 0-1

[Event "West Wales op 47th"]
[Site "Swansea"]
[Date "2014.11.29"]
[Round "2"]
[White "Woolcock, Craig"]
[Black "Pleasants, Allan J"]
[Result "0-1"]
[WhiteElo "1831"]
[BlackElo "2119"]
[PlyCount "70"]
[EventDate "2014.11.28"]
[EventType "swiss"]
[EventRounds "5"]
[EventCountry "WLS"]
[SourceTitle "EXT 2016"]
[Source "ChessBase"]
[SourceDate "2015.10.08"]
[SourceVersion "1"]
[SourceVersionDate "2015.10.08"]
[SourceQuality "1"]

1. e4 d6 2. d4 g6 3. f4 Bg7 4. Nf3 c5 5. Bb5+ Bd7 6. Bxd7+ Qxd7 7. c3 cxd4 8. cxd4 Nf6 9. Nc3 0-0 10. 0-0 b5 11. a3 a6 12. Qd3 Nc6 13. b4 Rac8 14. Bb2 Rfd8 15. d5 Nb8 16. Nd4 Rc4 17. Nce2 Rdc8 18. Rad1 a5 19. bxa5 Na6 20. Qf3 Nc5 21. Ng3 Na4 22. Ba1 Nc3 23. Rd2 Qa7 24. Kh1 Rxd4 25. Bxc3 Rdc4 26. Bb4 h5 27. e5 Ng4 28. exd6 exd6 29. h3 Ne3 30. Rb1 Rc1+ 31. Rxc1 Rxc1+ 32. Kh2 h4 33. Re2 Ng4+ 34. hxg4 Qg1+ 35. Kh3 Qh1+ 0-1

[Event "West Wales op 47th"]
[Site "Swansea"]
[Date "2014.11.28"]
[Round "1"]
[White "Harris, Calum"]
[Black "Woolcock, Craig"]
[Result "0-1"]
[WhiteElo "1571"]
[BlackElo "1831"]
[PlyCount "56"]
[EventDate "2014.11.28"]
[EventType "swiss"]
[EventRounds "5"]
[EventCountry "WLS"]
[SourceTitle "EXT 2016"]
[Source "ChessBase"]
[SourceDate "2015.10.08"]
[SourceVersion "1"]
[SourceVersionDate "2015.10.08"]
[SourceQuality "1"]

1. e4 e6 2. d4 d5 3. exd5 exd5 4. Bd3 Nc6 5. c3 Bd6 6. Nf3 Nge7 7. 0-0 Bg4 8. Bg5 f6 9. Bh4 Qd7 10. Nbd2 0-0-0 11. b4 Rdg8 12. a4 g5 13. Bg3 Ng6 14. Re1 Nf4 15. Bf1 h5 16. a5 h4 17. Bxf4 Bxf4 18. Qb3 Bf5 19. Red1 g4 20. Ne1 g3 21. fxg3 Be3+ 22. Kh1 hxg3 23. h3 Bxh3 24. gxh3 Rxh3+ 25. Kg2 Rh2+ 26. Kf3 Qg4+ 27. Kxe3 Re8+ 28. Ne4 Qxe4# 0-1

[Event "Torquay op 48th"]
[Site "Torquay"]
[Date "2014.11.16"]
[Round "4"]
[White "Fairbairn, Stephen"]
[Black "Woolcock, Craig"]
[Result "1/2-1/2"]
[WhiteElo "2049"]
[BlackElo "1900"]
[PlyCount "74"]
[EventDate "2014.11.14"]
[EventType "swiss"]
[EventRounds "5"]
[EventCountry "ENG"]
[SourceTitle "EXT 2022"]
[Source "ChessBase"]
[SourceDate "2021.10.06"]
[SourceVersion "1"]
[SourceVersionDate "2021.10.06"]
[SourceQuality "1"]

1. g3 e5 2. c4 Nc6 3. Bg2 g6 4. Nc3 Bg7 5. e4 Nh6 6. Nge2 0-0 7. d3 d6 8. h4 f5 9. Bg5 Qe8 10. Nd5 Qf7 11. f3 fxe4 12. dxe4 Ng4 13. 0-0 Nf6 14. Qd2 Be6 15. Rac1 Qd7 16. b4 Ne7 17. Rfd1 Rf7 18. Nxf6+ Bxf6 19. c5 Rd8 20. cxd6 cxd6 21. Be3 b6 22. Nc3 Qb7 23. a4 Bb3 24. Re1 d5 25. exd5 Nxd5 26. Qb2 Nxe3 27. Rxe3 Be6 28. Ne4 Bg7 29. Rec3 h6 30. Qc2 Rfd7 31. Rc7 Rxc7 32. Qxc7 Qxc7 33. Rxc7 Rd4 34. Rxa7 Rxb4 35. a5 bxa5 36. Rxa5 Bf5 37. Ra8+ Kh7 1/2-1/2

[Event "Torquay op 48th"]
[Site "Torquay"]
[Date "2014.11.16"]
[Round "5"]
[White "Woolcock, Craig"]
[Black "Dilleigh, Stephen P"]
[Result "1/2-1/2"]
[WhiteElo "1900"]
[BlackElo "2126"]
[PlyCount "126"]
[EventDate "2014.11.14"]
[EventType "swiss"]
[EventRounds "5"]
[EventCountry "ENG"]
[SourceTitle "EXT 2022"]
[Source "ChessBase"]
[SourceDate "2021.10.06"]
[SourceVersion "1"]
[SourceVersionDate "2021.10.06"]
[SourceQuality "1"]

1. e4 e6 2. d4 d5 3. e5 c5 4. c3 Qb6 5. Nf3 Nc6 6. a3 c4 7. Nbd2 Na5 8. g3 Bd7 9. Bh3 Ne7 10. 0-0 h6 11. Re1 0-0-0 12. Rb1 Kb8 13. Nh4 g5 14. Ng2 Ng6 15. Bg4 Be7 16. Bh5 Rdg8 17. Qc2 Qd8 18. Nf1 Qf8 19. Be3 Qg7 20. Nd2 Nf8 21. Rf1 Nh7 22. Bd1 h5 23. b3 cxb3 24. Nxb3 Nc4 25. Bc1 f5 26. Nd2 Nxd2 27. Bxd2 g4 28. Qb2 Bc8 29. Ba4 Bg5 30. Nf4 Bxf4 31. Bxf4 Ng5 32. Bxg5 Qxg5 33. Qc1 Qe7 34. Rb4 Bd7 35. Bc2 Bc6 36. Qb2 h4 37. Ba4 Bxa4 38. Rxa4 Rc8 39. Rb4 Rc7 40. a4 hxg3 41. fxg3 Qg5 42. Qc1 Qxc1 43. Rxc1 Rhc8 44. Rcb1 Rh7 45. R4b3 Rc4 46. Ra1 Re7 47. Raa3 a5 48. Kg2 Ka7 49. h3 gxh3+ 50. Kxh3 Rg7 51. Rb1 Rc8 52. Rf1 Rh8+ 53. Kg2 Rhg8 54. Rf3 f4 55. Rxf4 Rxg3+ 56. Kf2 Rg2+ 57. Ke3 R8g3+ 58. Rf3 Rxf3+ 59. Kxf3 Rb2 60. Ke3 b5 61. axb5 Rxb5 62. Kd3 Ka6 63. c4 dxc4+ 1/2-1/2

[Event "Torquay op 48th"]
[Site "Torquay"]
[Date "2014.11.15"]
[Round "3"]
[White "Woolcock, Craig"]
[Black "De Coverly, Roger D"]
[Result "0-1"]
[WhiteElo "1900"]
[BlackElo "2002"]
[PlyCount "141"]
[EventDate "2014.11.14"]
[EventType "swiss"]
[EventRounds "5"]
[EventCountry "ENG"]
[SourceTitle "EXT 2022"]
[Source "ChessBase"]
[SourceDate "2021.10.06"]
[SourceVersion "1"]
[SourceVersionDate "2021.10.06"]
[SourceQuality "1"]

1. e4 e5 2. Nf3 Nc6 3. Bb5 a6 4. Bxc6 dxc6 5. 0-0 Qf6 6. d4 exd4 7. Qxd4 Qxd4 8. Nxd4 Bd7 9. Be3 0-0-0 10. Nc3 c5 11. Nde2 b6 12. Rfd1 Ne7 13. f3 h6 14. Rd2 g6 15. Rad1 Bg7 16. b3 Rhe8 17. Bf2 f5 18. Kf1 fxe4 19. Nxe4 g5 20. h3 Ng6 21. c4 Re7 22. N2g3 Rf7 23. Nh5 Bh8 24. a4 a5 25. Nhg3 Rdf8 26. Kg1 Be5 27. Be3 Bc6 28. Re2 Nf4 29. Bxf4 gxf4 30. Nf1 Re8 31. Rde1 Bd4+ 32. Kh1 Rg8 33. Nfd2 Rg6 34. Kh2 Re6 35. Kh1 Kb8 36. Kh2 Rfe7 37. Kh1 Be3 38. Nf1 Bxe4 39. fxe4 Rxe4 40. g3 R4e5 41. Kg2 Bd4 42. Rxe5 Rxe5 43. Rxe5 Bxe5 44. g4 Kc8 45. Kf3 Kd7 46. Ke4 Ke6 47. Nd2 c6 48. Nf3 Bc7 49. Nh4 Kf6 50. Ng2 Kg5 51. Kf3 Kf6 52. Nxf4 Ke5 53. Ne2 Bd8 54. Nf4 Bg5 55. Ne2 Bf6 56. Ke3 Bh4 57. Kf3 Bf2 58. h4 Be1 59. Ng3 Kd4 60. g5 hxg5 61. hxg5 Bd2 62. Ne2+ Kd3 63. Nf4+ Kc2 64. g6 Bc3 65. Ne6 Kxb3 66. Nd8 Kxc4 67. Nxc6 Kb3 68. Ke4 Bg7 69. Ne7 Bd4 70. Nf5 Bf6 71. Kd5 0-1

[Event "South Wales Autumn op"]
[Site "Wales"]
[Date "2014.10.11"]
[Round "3"]
[White "Lewis, David Rhys"]
[Black "Woolcock, Craig"]
[Result "0-1"]
[WhiteElo "1897"]
[BlackElo "1874"]
[PlyCount "108"]
[EventDate "2014.10.10"]
[EventType "swiss"]
[EventRounds "5"]
[EventCountry "WLS"]
[SourceTitle "EXT 2016"]
[Source "ChessBase"]
[SourceDate "2015.10.08"]
[SourceVersion "1"]
[SourceVersionDate "2015.10.08"]
[SourceQuality "1"]

1. e4 e6 2. d3 c5 3. g3 Nc6 4. Bg2 d6 5. Nd2 Be7 6. Ngf3 Nf6 7. 0-0 0-0 8. a4 Bd7 9. Re1 e5 10. Nc4 h6 11. h3 b6 12. Kh2 a6 13. Ng1 b5 14. axb5 axb5 15. Rxa8 Qxa8 16. Nb6 Qa1 17. Nxd7 Nxd7 18. f4 Qb1 19. c3 Ra8 20. Nf3 b4 21. Bf1 bxc3 22. bxc3 Ra2+ 23. Nd2 Rc2 24. Kh1 Qa2 25. c4 exf4 26. gxf4 Bh4 27. Re2 Nd4 28. Rg2 Nf6 29. Nf3 Rxg2 30. Bxg2 Qf2 31. Nxh4 Qxh4 32. e5 dxe5 33. fxe5 Nd7 34. Qf1 Nxe5 35. Bd5 Qh5 36. Ba3 Ne2 37. Qg2 Nf4 38. Qg3 Nxh3 39. Kg2 Ng6 40. Bc1 Ng5 41. Be3 Qe2+ 42. Bf2 Qd2 43. Qe3 Nh4+ 44. Kh2 Nhf3+ 45. Bxf3 Qxe3 46. Bxe3 Nxf3+ 47. Kg3 Ne5 48. Bxc5 Nxd3 49. Bd6 f5 50. Kf3 Kf7 51. Ke2 Ke6 52. Bf8 Nf4+ 53. Kf3 Nh5 54. c5 Kd5 0-1

[Event "South Wales op 11th"]
[Site "Cardiff"]
[Date "2014.08.27"]
[Round "6"]
[White "Woolcock, Craig"]
[Black "Bullen, Alex"]
[Result "1/2-1/2"]
[WhiteElo "1876"]
[BlackElo "2006"]
[PlyCount "140"]
[EventDate "2014.08.25"]
[EventType "swiss"]
[EventRounds "9"]
[EventCountry "WLS"]
[SourceTitle "CBM 162 Extra"]
[Source "ChessBase"]
[SourceDate "2014.10.17"]
[SourceVersion "1"]
[SourceVersionDate "2014.10.17"]
[SourceQuality "1"]

1. e4 c5 2. c3 Qa5 3. f4 Nc6 4. Nf3 e6 5. Qb3 a6 6. d3 Nge7 7. Qa3 Qxa3 8. Nxa3 d5 9. Be3 b6 10. Nc2 Bb7 11. e5 Nf5 12. Bf2 h5 13. d4 Be7 14. g3 Rc8 15. Bd3 Nh6 16. h3 g6 17. Rc1 c4 18. Be2 Kd7 19. Kd2 b5 20. a3 Na5 21. Na1 Nc6 22. Nc2 a5 23. Ra1 Ra8 24. Rag1 b4 25. g4 bxc3+ 26. bxc3 Ba6 27. Bh4 Rab8 28. Bg5 Rb3 29. Bxh6 Rxh6 30. gxh5 gxh5 31. Rg7 Nd8 32. Ng5 Rg6 33. Rxg6 fxg6 34. Rg1 Bxa3 35. Nxa3 Rxa3 36. Bd1 Bb5 37. Nf3 Ba4 38. Bxa4+ Rxa4 39. Ne1 Ra2+ 40. Nc2 Rb2 41. Rxg6 Rb1 42. Rh6 Rf1 43. Rxh5 Rxf4 44. Rh7+ Ke8 45. Na3 Rf7 46. Rxf7 Kxf7 47. Nb5 Kg6 48. Kc2 Kg5 49. Kb2 Kh4 50. Ka3 Kxh3 51. Ka4 Kg4 52. Kxa5 Nf7 53. Kb6 Ng5 54. Kc6 Kf5 55. Kd7 Ke4 56. Ke7 Kd3 57. Kf6 Ne4+ 58. Kxe6 Nxc3 59. Nxc3 Kxc3 60. Kxd5 Kd3 61. e6 c3 62. e7 c2 63. e8Q c1Q 64. Qg6+ Ke2 65. Qe4+ Kf2 66. Ke5 Qc7+ 67. Kf5 Qh7+ 68. Kf4 Qh4+ 69. Ke5 Qe7+ 70. Kf4 Qh4+ 1/2-1/2

[Event "South Wales op 11th"]
[Site "Cardiff"]
[Date "2014.08.26"]
[Round "4"]
[White "Woolcock, Craig"]
[Black "Rovaretti, David"]
[Result "1-0"]
[WhiteElo "1876"]
[BlackElo "1483"]
[PlyCount "69"]
[EventDate "2014.08.25"]
[EventType "swiss"]
[EventRounds "9"]
[EventCountry "WLS"]
[SourceTitle "CBM 162 Extra"]
[Source "ChessBase"]
[SourceDate "2014.10.17"]
[SourceVersion "1"]
[SourceVersionDate "2014.10.17"]
[SourceQuality "1"]

1. e4 g6 2. d4 Bg7 3. f4 e6 4. Nf3 c5 5. c3 cxd4 6. cxd4 d5 7. e5 Nc6 8. Nc3 a6 9. Be2 Nge7 10. Be3 Nf5 11. Bf2 Bd7 12. 0-0 h5 13. g3 Bh6 14. Kg2 h4 15. Qd2 h3+ 16. Kh1 Qe7 17. a3 Bg7 18. g4 Nh6 19. Rg1 f5 20. exf6 Nxg4 21. Rxg4 Bxf6 22. Rxg6 0-0-0 23. Rag1 Be8 24. R6g3 Qd6 25. Be3 Ne7 26. Bd3 Bh5 27. Rxh3 Bxf3+ 28. Rxf3 Nc6 29. Ne2 Kb8 30. b4 e5 31. fxe5 Bxe5 32. dxe5 Nxe5 33. Bf4 Rxh2+ 34. Bxh2 Rh8 35. Qf4 1-0

[Event "South Wales op 11th"]
[Site "Cardiff"]
[Date "2014.08.25"]
[Round "2"]
[White "Woolcock, Craig"]
[Black "Menadue, Jeremy FS"]
[Result "0-1"]
[WhiteElo "1876"]
[BlackElo "2117"]
[PlyCount "50"]
[EventDate "2014.08.25"]
[EventType "swiss"]
[EventRounds "9"]
[EventCountry "WLS"]
[SourceTitle "CBM 162 Extra"]
[Source "ChessBase"]
[SourceDate "2014.10.17"]
[SourceVersion "1"]
[SourceVersionDate "2014.10.17"]
[SourceQuality "1"]

1. e4 Nf6 2. Nc3 d5 3. e5 Ne4 4. Nce2 d4 5. d3 Nc5 6. b4 Ne6 7. Nf3 a5 8. Bb2 axb4 9. Nexd4 c5 10. Nb3 Nc6 11. d4 cxd4 12. Nbxd4 Nexd4 13. Nxd4 Nxe5 14. Bb5+ Nd7 15. 0-0 Ra5 16. Re1 h5 17. Nf5 e6 18. Qe2 Qb6 19. Bxd7+ Bxd7 20. Nxg7+ Bxg7 21. Bxg7 Rg8 22. Bf6 Rf5 23. Bh4 Bc6 24. g3 Qd4 25. Bd8 Qxd8 0-1

[Event "BCF-ch Atkins op"]
[Site "Aberystwyth"]
[Date "2014.07.26"]
[Round "2"]
[White "Woolcock, Craig"]
[Black "Papier, Alan"]
[Result "0-1"]
[WhiteElo "1869"]
[BlackElo "1689"]
[PlyCount "61"]
[EventDate "2014.07.25"]
[EventType "tourn"]
[EventRounds "5"]
[EventCountry "WLS"]
[SourceTitle "EXT 2017"]
[Source "ChessBase"]
[SourceDate "2016.10.25"]
[SourceVersion "1"]
[SourceVersionDate "2016.10.25"]
[SourceQuality "1"]

1. e4 c5 2. Nc3 g6 3. g3 Nc6 4. Bg2 Bg7 5. d3 Nf6 6. f4 d6 7. h3 0-0 8. Nf3 Rb8 9. 0-0 Bd7 10. Be3 b5 11. Qd2 b4 12. Ne2 Qc8 13. g4 a5 14. Ng3 Bxg4 15. hxg4 Nxg4 16. Bh3 Bxb2 17. Rab1 Bc3 18. Qe2 h5 19. Nh2 Nd4 20. Bxd4 Bxd4+ 21. Kh1 Nf2+ 22. Rxf2 Qxh3 23. Rf3 Qe6 24. f5 Qxa2 25. Rbf1 h4 26. fxg6 hxg3 27. Rxg3 Bg7 28. Qh5 fxg6 29. Qxg6 Rxf1+ 30. Nxf1 Qf7 31. Qg4 0-1

[Event "BCF-ch U180"]
[Site "Aberystwyth"]
[Date "2014.07.23"]
[Round "3"]
[White "Woolcock, Craig"]
[Black "Graham, William M"]
[Result "0-1"]
[WhiteElo "170"]
[BlackElo "153"]
[PlyCount "90"]
[EventDate "2014.07.21"]
[EventType "swiss"]
[EventRounds "5"]
[EventCountry "WLS"]
[SourceTitle "EXT 2017"]
[Source "ChessBase"]
[SourceDate "2016.10.25"]
[SourceVersion "1"]
[SourceVersionDate "2016.10.25"]
[SourceQuality "1"]

1. e4 e6 2. d4 d5 3. e5 c5 4. c3 Nc6 5. Nf3 Qb6 6. a3 f6 7. b4 cxd4 8. cxd4 fxe5 9. dxe5 Nh6 10. Bb2 Nf7 11. Bd3 g6 12. 0-0 Bg7 13. Re1 0-0 14. Qc2 Bd7 15. b5 Ne7 16. Bd4 Qa5 17. Bc3 Qc7 18. Nbd2 Rac8 19. Rac1 Bh6 20. Qb2 Qb6 21. a4 Ng5 22. Bd4 Nxf3+ 23. gxf3 Qa5 24. Rcd1 Bxd2 25. Rxd2 Rxf3 26. Red1 Rff8 27. Qa3 Nf5 28. Bc5 Rf7 29. Be2 a6 30. Rb2 axb5 31. Bxb5 Bxb5 32. Rxb5 Qc7 33. Qb2 Qd8 34. Qd2 Qh4 35. Rb4 Qh6 36. Qxh6 Nxh6 37. Be3 Nf5 38. Bg5 h6 39. Bf6 Rc2 40. Rb6 Rc6 41. Rb5 Rd7 42. Rdb1 Rcc7 43. R1b3 Nd4 44. Rg3 Nxb5 45. Rxg6+ Kh7 0-1

[Event "BCF-ch Week1 PM op"]
[Site "Aberystwyth"]
[Date "2014.07.23"]
[Round "3"]
[White "Woolcock, Craig"]
[Black "Riding, Mick D"]
[Result "1/2-1/2"]
[WhiteElo "1869"]
[BlackElo "1954"]
[PlyCount "99"]
[EventDate "2014.07.21"]
[EventType "swiss"]
[EventRounds "5"]
[EventCountry "WLS"]
[SourceTitle "EXT 2017"]
[Source "ChessBase"]
[SourceDate "2016.10.25"]
[SourceVersion "1"]
[SourceVersionDate "2016.10.25"]
[SourceQuality "1"]

1. e4 g6 2. d4 Bg7 3. f4 d6 4. Be3 Nf6 5. Nc3 0-0 6. Nf3 c6 7. Be2 b5 8. a3 a6 9. 0-0 Nbd7 10. Qd3 Ng4 11. Rad1 Nxe3 12. Qxe3 Qc7 13. g4 e5 14. f5 Nf6 15. h3 exd4 16. Nxd4 Re8 17. Qf4 c5 18. Nb3 b4 19. Nd5 Nxd5 20. Rxd5 Be5 21. Qg5 Qe7 22. f6 Qf8 23. Nxc5 Bxb2 24. Nd3 bxa3 25. Nxb2 axb2 26. Bd3 Bb7 27. Rd4 Re5 28. Qf4 g5 29. Qg3 Qd8 30. Qxe5 dxe5 31. Rxd8+ Rxd8 32. Rb1 h5 33. Rxb2 Bc6 34. Kf2 hxg4 35. hxg4 Rd6 36. Rb6 Rxf6+ 37. Ke3 Kg7 38. Rxa6 Bd7 39. Ra5 Re6 40. Ra7 Rd6 41. Bc4 Be6 42. Bxe6 Rxe6 43. Rd7 Rh6 44. Kd3 Rh3+ 45. Kc4 Rh2 46. c3 Re2 47. Kd5 Rd2+ 48. Kc6 Re2 49. Kd5 Rd2+ 50. Kc6 1/2-1/2

[Event "BCF-ch Week1 PM op"]
[Site "Aberystwyth"]
[Date "2014.07.22"]
[Round "2"]
[White "Wells, Jonathan C"]
[Black "Woolcock, Craig"]
[Result "1/2-1/2"]
[WhiteElo "1994"]
[BlackElo "1869"]
[PlyCount "58"]
[EventDate "2014.07.21"]
[EventType "swiss"]
[EventRounds "5"]
[EventCountry "WLS"]
[SourceTitle "EXT 2017"]
[Source "ChessBase"]
[SourceDate "2016.10.25"]
[SourceVersion "1"]
[SourceVersionDate "2016.10.25"]
[SourceQuality "1"]

1. d4 d5 2. c4 e6 3. Nf3 Nf6 4. g3 Be7 5. Bg2 0-0 6. 0-0 dxc4 7. Qc2 a6 8. Qxc4 b5 9. Qc2 Bb7 10. Bd2 Be4 11. Qc1 Qc8 12. b4 a5 13. Qb2 axb4 14. Bxb4 Bxb4 15. Qxb4 Qb7 16. Nc3 Nd5 17. Nxd5 Qxd5 18. Rfc1 Ra4 19. Qb2 Nd7 20. Rxc7 Rfa8 21. Ne5 Nxe5 22. Bxe4 Qxe4 23. dxe5 b4 24. Rac1 g6 25. Rc8+ Kg7 26. Rxa8 Rxa8 27. Rc2 g5 28. Rd2 Qc4 29. Qc2 Rc8 1/2-1/2

[Event "Sunningdale e2e4 U2050 op 05"]
[Site "Sunningdale"]
[Date "2014.05.25"]
[Round "4"]
[White "Woolcock, Craig"]
[Black "Ashcroft, Graham J"]
[Result "1-0"]
[WhiteElo "1872"]
[BlackElo "1952"]
[PlyCount "135"]
[EventDate "2014.05.23"]
[EventType "swiss"]
[EventRounds "7"]
[EventCountry "ENG"]
[SourceTitle "EXT 2015"]
[Source "ChessBase"]
[SourceDate "2014.11.20"]
[SourceVersion "1"]
[SourceVersionDate "2014.11.20"]
[SourceQuality "1"]

1. e4 e6 2. d4 d5 3. e5 c5 4. c3 Nc6 5. Nf3 Bd7 6. a3 c4 7. Nbd2 Nge7 8. Be2 Ng6 9. g3 Be7 10. 0-0 f6 11. exf6 Bxf6 12. Ne1 0-0 13. f4 Nce7 14. Ng2 Nf5 15. Bg4 Qb6 16. Kh1 Rac8 17. Re1 Nh8 18. Nf3 Nf7 19. Qc2 N7d6 20. Be3 Ne4 21. Nd2 Nxe3 22. Nxe3 Nf2+ 23. Kg2 Nxg4 24. Nxg4 Rce8 25. Nf3 Bc8 26. Re2 Qd8 27. h4 Qd7 28. Nge5 Bxe5 29. Rxe5 Rf6 30. Rh5 g6 31. Re5 Qg7 32. Qa4 Ref8 33. Qxa7 Qh6 34. Rg5 Rf5 35. Re1 Rxg5 36. hxg5 Qh5 37. Ne5 h6 38. Qa4 hxg5 39. Qc2 gxf4 40. Qxg6+ Qxg6 41. Nxg6 f3+ 42. Kf2 Rf7 43. Rh1 Kg7 44. Ne5 Rf6 45. a4 b6 46. Rb1 Rf8 47. b3 Ba6 48. bxc4 Bxc4 49. Nxc4 dxc4 50. Rxb6 Ra8 51. Rb4 Rc8 52. a5 Kg6 53. Kxf3 Kf5 54. Rb5+ Kf6 55. a6 Rc7 56. Rb7 Rc6 57. a7 Ra6 58. Ke4 Ra5 59. Rc7 Ra4 60. d5 e5 61. g4 Ra1 62. g5+ Kxg5 63. Kxe5 Ra5 64. Rg7+ Kh6 65. Rc7 Kg6 66. Ke6 Ra6+ 67. d6 Ra1 68. d7 1-0

[Event "BCF-chT3 1314 (4NCL)"]
[Site "England"]
[Date "2014.05.04"]
[Round "10.236"]
[White "Hughes, Roy"]
[Black "Woolcock, Craig"]
[Result "1-0"]
[WhiteElo "2040"]
[BlackElo "1876"]
[PlyCount "29"]
[EventDate "2013.11.16"]
[EventType "team-swiss"]
[EventRounds "11"]
[EventCountry "ENG"]
[SourceTitle "EXT 2015"]
[Source "ChessBase"]
[SourceDate "2014.11.20"]
[SourceVersion "1"]
[SourceVersionDate "2014.11.20"]
[SourceQuality "1"]
[WhiteTeam "Broadland"]
[BlackTeam "West is Best II"]
[WhiteTeamCountry "ENG"]
[BlackTeamCountry "ENG"]

1. d4 d5 2. Bf4 Nf6 3. e3 c5 4. Nc3 Nc6 5. Nb5 Qa5+ 6. c3 Kd7 7. dxc5 Qd8 8. Nf3 e6 9. b4 Ne8 10. Qa4 f6 11. Nbd4 e5 12. Bxe5 fxe5 13. Nxe5+ Ke7 14. Ndxc6+ bxc6 15. Qa5 1-0

[Event "Coventry e2e4 U1950 op"]
[Site "Coventry"]
[Date "2013.08.26"]
[Round "7"]
[White "Woolcock, Craig"]
[Black "Malik, Faraz"]
[Result "1-0"]
[WhiteElo "1894"]
[BlackElo "1887"]
[PlyCount "63"]
[EventDate "2013.08.23"]
[EventType "swiss"]
[EventRounds "7"]
[EventCountry "ENG"]
[SourceTitle "EXT 2015"]
[Source "ChessBase"]
[SourceDate "2014.11.20"]
[SourceVersion "1"]
[SourceVersionDate "2014.11.20"]
[SourceQuality "1"]

1. e4 c5 2. Nc3 Nc6 3. g3 g6 4. Bg2 Bg7 5. d3 d6 6. f4 Nf6 7. h3 0-0 8. Nge2 Rb8 9. 0-0 Qc7 10. Be3 b5 11. Qd2 Ba6 12. Rae1 b4 13. Nd1 Na5 14. b3 Bb7 15. g4 Nc6 16. f5 Nd4 17. Nxd4 cxd4 18. Bxd4 Nxe4 19. dxe4 Bxd4+ 20. Qxd4 Qxc2 21. Rf2 Qb1 22. Rb2 Qc1 23. Qxb4 Ba6 24. Qd2 Qc5+ 25. Qf2 Qe5 26. Rd2 Rb7 27. Ne3 Rc7 28. Nd5 Rb7 29. Qf4 Qg7 30. f6 exf6 31. Nxf6+ Kh8 32. g5 1-0

[Event "Coventry e2e4 U1950 op"]
[Site "Coventry"]
[Date "2013.08.24"]
[Round "3"]
[White "Woolcock, Craig"]
[Black "Price, Andrew"]
[Result "1-0"]
[WhiteElo "1894"]
[BlackElo "1831"]
[PlyCount "91"]
[EventDate "2013.08.23"]
[EventType "swiss"]
[EventRounds "7"]
[EventCountry "ENG"]
[SourceTitle "EXT 2015"]
[Source "ChessBase"]
[SourceDate "2014.11.20"]
[SourceVersion "1"]
[SourceVersionDate "2014.11.20"]
[SourceQuality "1"]

1. e4 e6 2. d4 d5 3. e5 c5 4. c3 Nc6 5. Nf3 Qb6 6. a3 c4 7. Qc2 Bd7 8. Nbd2 Na5 9. Be2 Ne7 10. 0-0 Ng6 11. g3 Be7 12. Rb1 Nb3 13. Nxb3 Ba4 14. Be3 Bxb3 15. Qd2 Qd8 16. Ng5 h6 17. Nxe6 fxe6 18. Bh5 Kd7 19. Bxg6 Kc7 20. f4 Ba4 21. f5 Bd7 22. fxe6 Bxe6 23. Bf5 Qd7 24. Qc2 Rhf8 25. Bxe6 Qxe6 26. b3 Qg4 27. bxc4 dxc4 28. Qg2 b6 29. a4 Rad8 30. d5 Bg5 31. d6+ Kb8 32. Bxg5 Qxg5 33. Rxf8 Rxf8 34. Re1 h5 35. e6 Qc5+ 36. Kh1 Qxd6 37. Qe4 Re8 38. Qxc4 Re7 39. Qe4 Qd2 40. Qe5+ Kb7 41. c4 Qf2 42. Qe4+ Kb8 43. a5 Kc7 44. a6 Qc5 45. Qb7+ Kd6 46. Rd1+ 1-0